000 00629nam a2200241 i 4500
001 C2-0101296
003 PPAK
005 20180727095626.0
008 970529s1994 si a|||| ||||| | eng d
020 _a981302058X
040 _aPPAK
_beng
_cPPAK
_erda
082 0 4 _a398.2
_223
090 0 0 _a398.2
_bSIE
_dK
100 1 _aSiew, Catherine,
_eauthor
245 1 0 _aAsean tales and legends
264 1 _aSingapore :
_bSystem ,
_c1994
300 _a62 pages :
_billustrations ;
_c19 cm
336 _2rdacontent
_atext
337 _2rdamedia
_aunmediated
338 _2rdacarrier
_avolume
650 1 0 _aReaders
942 _ddc
_cB
999 _c23216
_d23216